00000000nam 2200000zi 4500
0019.946770
003CaOODSP
00520250124090646
006m     o  d f      
007cr mn|||||||||
008250113t20252025quc     ob   f000 0 eng d
020 |a9780660752082
040 |aCaOODSP|beng|erda|cCaOODSP
043 |an-cn---
0861 |aEn14-495/7-2025E-PDF
24500|aAcute lethality.
250 |a[2025 edition].
264 1|a[Gatineau, Quebec] : |bEnvironment and Climate Change Canada = Environnement et changement climatique Canada, |c[2025]
264 4|c©2025
300 |a1 online resource (4 pages)
336 |atext|btxt|2rdacontent
337 |acomputer|bc|2rdamedia
338 |aonline resource|bcr|2rdacarrier
500 |aIssued also in French under title: Létalité aiguë.
500 |aAt head of title: The Effluencer, vol. 7.
500 |a"EC24117"--Page 4.
504 |aIncludes bibliographical references.
650 0|aEffluent quality|zCanada|xTesting.
650 0|aAcute toxicity testing|zCanada.
650 0|aSewerage|xLaw and legislation|zCanada.
650 0|aSewage disposal in rivers, lakes, etc.|xLaw and legislation|zCanada.
650 0|aSewage disposal in the ocean|xLaw and legislation|zCanada.
7101 |aCanada. |bEnvironment and Climate Change Canada, |eissuing body.
77508|tLétalité aiguë.|w(CaOODSP)9.946771
795 |tAcute lethality.|b(2024)|w(CaOODSP)9.937519
85640|qPDF|s561 KB|uhttps://publications.gc.ca/collections/collection_2025/eccc/En14-495-7-2025-eng.pdf
986 |aEC24117